Les meilleurs buteurs de Ligue 1 sur une année civile - Statistiques

Statistiques générales
  • Ce quiz a été pris 122 fois
  • Le résultat moyen est 8 sur 10
Statistiques - réponses
Classement Année Nationalité Nombre de buts Joueurs % Correct
1 2017 Uruguay 36 buts Edinson Cavani
100%
2 2023 France 34 buts Kylian Mbappé
100%
6 2016 Uruguay 27 buts Edinson Cavani
97%
3 2022 France 32 buts Kylian Mbappé
97%
4 2019 France 31 buts Kylian Mbappé
97%
7 2013 Suède 27 buts Zlatan Ibrahimovic
94%
8 2015 Suède 26 buts Zlatan Ibrahimovic
94%
5 2016 France 28 buts Alexandre Lacazette
73%
10 2017 Colombie 25 buts Radamel Falcao
73%
9 2008 Argentine 26 buts Fernando Cavenaghi
17%
Aucun quiz correspondant
Distribution des résultats
% des personnes avec chaque résultat
Percentile par nombre de réponses
Votre historique - résultats
Vous n’avez pas pris ce quiz